000 00772nam a2200265Ia 4500
003 OSt
005 20221005090254.0
006 a|||||r|||| 00| 0
007 ta
008 221004b |||||||| |||| 00| 0 eng d
020 _a9780061778988 (pbk)
_c
_ 5.75
024 _a70472
037 _bGift, 30/11/2021,
_cTextual
040 _aCRL
_cCRL
_beng
041 _2eng
_aeng
082 _aO111,3N671,DW, P7
100 _aSchreiber Ellen Au.
_9615082
245 0 _aDance with a vampire
260 _aNew York
_bKatherine Tecen Books USA
_c2007
300 _a179p.
_ccm.
650 _a ENGLISH LITERATURE
650 _aENGLISH FICTION
942 _hO111,3N671,DW, P7
_cTEXL
_2cc
999 _c995504
_d995504